Statistics for Top 5 Songs On To Hell With It (PinkPantheress)

Click here to take the quiz!

General Stats

  • This quiz has been taken 45 times
  • The average score is 4 of 5

Answer Stats

HintAnswer% Correct
304,241,367Pain
97%
186,000,777Break It Off - Bonus
83%
137,868,298Just For Me
83%
74,866,451Passion
69%
71,375,549I Must Apologise
64%

Score Distribution

Percentile by Number Answered

Percent of People with Each Score

Your Score History

You have not taken this quiz